000 00580nam a2200181Ia 4500
003 GCL
008 140319s9999 xx 000 0 ara d
040 _aGCL /
_cGCL
082 0 4 _a891.82
_bب ا
100 1 _aيتروفسكى، ترايان
245 1 0 _aابوالهول : قصائد فى حب مصر /
_cيتروفسكى، ترايان
700 1 _aسعد درويش
260 _a[S.N] :
_bالهيئة المصرية العامة للكتاب ،
_c1986
300 _a126 ص
490 _a
650 0 4 _aالشعر اليوغسلافى المترجم
942 _2ddc
_cBK
999 _c30125
_d30125